00518nam a22001337a 4500008004100000082002200041245012400063260003700187300001000224710002400234942001200258999001300270952010100283230609b xxu||||| |||| 00| 0 eng d a354.62007232bGOK aReport of the Public Accounts Committee on the Government of Kenya Accounts for the Year 1986/1987cGovernment of Kenya aKenyabGovernment of Kenyac1987 a348 p bGovernment of Kenya 2ddccBK c902d902 00102ddc4070a001b001d2023-06-09l0o354.62007232 GOKp10014897r2023-06-09w2023-06-09yBK